000 00772nam a22002537a 4500
001 BR8702705
003 BR-BrBNA
005 20230928092526.0
007 ta
008 230509b bl.||||| |||| 00| 0 por d
040 _aBR-BrBNA
_bpor
_cBiblioteca Nacional de Agricultura
041 _a(Por)
072 _aN10; F01
_b3530
090 _ 3530 BR8702705
110 1 _aComissao de Desenvolvimento do Vale do Jequitinhonha, Belo Horizonte, MG (Brasil)
_91974
245 1 _aProjeto de viveiro para producao de mudas
260 3 _aBelo Horizonte, MG (Brasil):
_c1982.
300 _avp.
500 _a(*) Documento disponível no(a) CODEVALE, Belo Horizonte, MG (Brazil)
650 _aMUDA
650 _aVIVEIRO
909 _a202309
_bLucia
_c55
_dLucia Elande
942 _cBK
999 _c39600
_d39600